000 00525nam a2200169 4500
001 125742
003 ES-MaACL
005 20230906192706.0
007 t|
008 070214s1970 sp r ||||1| spa d
100 1 _aRatzinger, Joseph.
_995541
245 1 0 _aIntroducción al cristianismo /
_cJoseph Ratzinger ; traducción de José L. Domínguez Villar.
260 _aSalamanca :
_bSígueme,
_c1970.
300 _a327 p. ;
_c19 cm.
700 1 _aDomínguez Villar, José L.
_945255
852 _aES-MaACL
_jC-40021
_bR.74031
999 _c125742
_d125742